[Event "MetroWest CC Summer op"]
[Site "Natick"]
[Date "2004.??.??"]
[Round "4"]
[White "Harris, David"]
[Black "Gupta, Amrit"]
[Result "1-0"]
[WhiteElo "2175"]
[BlackElo "1785"]
[PlyCount "59"]
[EventDate "2004.??.??"]
[EventType "swiss"]
[EventRounds "5"]
[EventCountry "USA"]
[SourceTitle "EXT 2007"]
[Source "ChessBase"]
[SourceDate "2006.11.23"]
[SourceVersion "1"]
[SourceVersionDate "2006.11.23"]
[SourceQuality "1"]

1. e4 e5 2. Nf3 Nc6 3. d4 exd4 4. Bc4 d6 5. c3 Nf6 6. cxd4 Nxe4 7. d5 Ne7 8. 0-0 Bg4 9. Qa4+ Qd7 10. Bb5 c6 11. dxc6 bxc6 12. Qxe4 Bf5 13. Qe2 cxb5 14. Nc3 a6 15. Nd4 Be6 16. f4 Bc4 17. Qf3 Rc8 18. Re1 g6 19. f5 Kd8 20. Bg5 h6 21. Bf6 Rg8 22. b3 gxf5 23. bxc4 Rg6 24. Nd5 Qa7 25. Rxe7 Bxe7 26. Bxe7+ Ke8 27. Bf6 Kf8 28. Qe3 Qc5 29. Re1 Rg4 30. Qxh6+ 1-0